000 00353nam a22001457a 4500
008 250325b |||||||| |||| 00| 0 eng d
020 _a9780323711944
050 _aRD82.2
_b.N87
245 _aNurse Anesthesia
250 _a7th
260 _aMissouri
_bElsevier
_c2023
300 _axii,1438p
650 _aAnesthesiology Handbooks Manuals
942 _cBK
999 _c2646
_d2646